[Event "Litomysl"]
[Site "?"]
[Date "2018.01.29"]
[Round "1.25"]
[White "Dolensky, Filip"]
[Black "Mohapl, Tomas"]
[Result "1/2-1/2"]
[WhiteElo "1561"]
[BlackElo "1446"]
[PlyCount "111"]
[EventDate "2018.??.??"]

1. e4 c5 2. d3 d6 3. Nf3 Nf6 4. Nbd2 a6 5. g3 Nc6 6. Bg2 e6 7. O-O Be7 8. Re1
Qc7 9. Nb3 O-O 10. Qe2 Nd7 11. Bf4 Rd8 12. h4 Nb6 13. c3 Qd7 14. Be3 Bf6 15.
Rad1 Qe7 16. d4 cxd4 17. cxd4 Qc7 18. Qc2 d5 19. Bf4 Qd7 20. Nc5 Nb4 21. Nxd7
Nxc2 22. Nxf6+ gxf6 23. Re2 dxe4 24. Rxc2 exf3 25. Bxf3 Nd5 26. Bxd5 Rxd5 27.
Rc5 Bd7 28. Rxd5 exd5 29. Re1 Re8 30. Rxe8+ Bxe8 31. Bh6 f5 32. Kg2 f6 33. Kf3
Kf7 34. Kf4 Bd7 35. f3 Kg6 36. Bf8 h5 37. Ke3 Kf7 38. Bc5 Ke6 39. f4 Bb5 40.
Kd2 Kd7 41. Kc3 Bc6 42. Kb4 Ke6 43. Ka5 Kd7 44. Kb6 Kd8 45. Ka5 Kd7 46. Bb6 Kc8
47. a4 Kd7 48. b3 Ke8 49. b4 Kf7 50. Bc5 Ke6 51. b5 axb5 52. axb5 Be8 53. Kb6
Bd7 54. Bb4 Be8 55. Kc5 Bd7 56. Ba3 1/2-1/2

[Event "Litomysl"]
[Site "?"]
[Date "2018.01.29"]
[Round "1.26"]
[White "Lang, Simon"]
[Black "Janous, Marek"]
[Result "0-1"]
[WhiteElo "1415"]
[BlackElo "1560"]
[PlyCount "140"]
[EventDate "2018.??.??"]

1. d4 d5 2. c4 e6 3. Nc3 c6 4. Nf3 Nf6 5. Bg5 Be7 6. e3 O-O 7. Bd3 dxc4 8. Bxc4
Nd5 9. Bxe7 Qxe7 10. Nxd5 cxd5 11. Bd3 Qb4+ 12. Qd2 Nc6 13. Rc1 Qxd2+ 14. Kxd2
Bd7 15. a3 a6 16. Rc2 Rac8 17. Rhc1 Na5 18. Rxc8 Nb3+ 19. Kd1 Rxc8 20. Rxc8+
Bxc8 21. Kc2 Na5 22. Ne5 f6 23. Nf3 Bd7 24. Kc3 Nc6 25. Nd2 e5 26. Nb3 e4 27.
Nc5 Bc8 28. Be2 Kf7 29. f3 f5 30. g4 Nb8 31. gxf5 b6 32. Na4 b5 33. Nb6 Bb7 34.
Kb4 Nc6+ 35. Kc5 Ne7 36. fxe4 dxe4 37. Bg4 Ke8 38. d5 Ng8 39. Kd6 Kd8 40. Bh5
Nf6 41. Bf7 Ng4 42. Ke6 Nxe3 43. d6 Ng4 44. Bh5 Nxh2 45. Be2 e3 46. Kf7 Bf3 47.
Bd3 e2 48. Bxe2 Bxe2 49. Kxg7 Bd3 50. f6 Bg6 51. Nd5 Ng4 52. f7 Bxf7 53. Kxf7
Kd7 54. b4 Ne5+ 55. Kf6 Kxd6 56. Nc3 Nc4 57. Kg5 Nxa3 58. Kh6 Nc2 59. Kxh7 Nxb4
60. Kg6 Kc5 61. Kf5 a5 62. Nb1 Nc2 63. Ke4 Kc4 64. Nd2+ Kc3 65. Nb1+ Kb2 66.
Kd3 Kxb1 67. Kd2 a4 68. Kd3 a3 69. Kc3 a2 70. Kb3 Nd4+ 0-1

[Event "Litomysl"]
[Site "?"]
[Date "2018.01.29"]
[Round "1.27"]
[White "Simek, Viktor"]
[Black "Nguyen, Thai Dang Vi"]
[Result "1-0"]
[WhiteElo "1528"]
[BlackElo "1292"]
[PlyCount "51"]
[EventDate "2018.??.??"]

1. e4 e5 2. Nf3 Nf6 3. Nxe5 d6 4. Nf3 Nxe4 5. d4 d5 6. Be2 Be7 7. O-O O-O 8.
Nbd2 Bf5 9. Ne5 Nd7 10. f4 f6 11. Nd3 Re8 12. Bg4 Nd6 13. c3 Bxd3 14. Rf3 Bf5
15. Rf2 Bf8 16. b3 Qe7 17. Ba3 Qe6 18. Bxf5 Nxf5 19. Bxf8 Nxf8 20. Qf3 Ng6 21.
g4 Nfh4 22. Qg3 f5 23. Raf1 Qe3 24. Kh1 Rf8 25. Qxe3 Rfe8 26. Qg3 1-0

[Event "Litomysl"]
[Site "?"]
[Date "2018.01.29"]
[Round "1.28"]
[White "Kodet, Jaromir"]
[Black "Simunek, Jakub Simon"]
[Result "0-1"]
[WhiteElo "1268"]
[BlackElo "1513"]
[PlyCount "62"]
[EventDate "2018.??.??"]

1. e4 e5 2. f4 d5 3. exd5 exf4 4. Nf3 Nf6 5. Bc4 Nxd5 6. O-O Be7 7. d4 Ne3 8.
Bxe3 fxe3 9. Ne5 Be6 10. Bxe6 fxe6 11. Qh5+ g6 12. Nxg6 hxg6 13. Qxh8+ Kd7 14.
d5 Qxh8 15. dxe6+ Kxe6 16. Nc3 Bc5 17. Kh1 Qe5 18. Rad1 Bd4 19. Ne2 Nc6 20. c3
Rh8 21. Nf4+ Kd7 22. cxd4 Nxd4 23. b3 e2 24. g3 exf1=Q+ 25. Rxf1 Qe4+ 26. Ng2
Nf3 27. h4 Qg4 28. Nf4 Qxg3 29. Rd1+ Kc8 30. Rd8+ Kxd8 31. Nxg6 Qg1# 0-1

[Event "Litomysl"]
[Site "?"]
[Date "2018.01.29"]
[Round "2.1"]
[White "Svanda, Ondrej"]
[Black "Eret, Matous"]
[Result "0-1"]
[WhiteElo "2071"]
[BlackElo "2177"]
[PlyCount "56"]
[EventDate "2018.??.??"]

1. c4 b6 2. Nf3 Bb7 3. g3 Nf6 4. Bg2 e6 5. O-O Be7 6. Nc3 O-O 7. d4 d5 8. Ne5
Nbd7 9. Bf4 c6 10. cxd5 cxd5 11. Rc1 Rc8 12. Qd2 Nxe5 13. Bxe5 Nd7 14. Bf4 a6
15. e4 dxe4 16. Bxe4 Bxe4 17. Nxe4 Nf6 18. Nxf6+ Bxf6 19. Rxc8 Qxc8 20. Qb4 b5
21. a4 Qd7 22. axb5 axb5 23. Be5 Be7 24. Qb3 Rc8 25. Rd1 Rc4 26. Qf3 f6 27. Bf4
Rxd4 28. Ra1 Qd5 0-1

[Event "Litomysl"]
[Site "?"]
[Date "2018.01.29"]
[Round "2.2"]
[White "Stinka, Jakub"]
[Black "Bulockin, Martin"]
[Result "1-0"]
[WhiteElo "2050"]
[BlackElo "2120"]
[PlyCount "109"]
[EventDate "2018.??.??"]

1. e4 c5 2. Nf3 Nc6 3. d4 cxd4 4. Nxd4 Nf6 5. Nc3 d6 6. Bc4 Qb6 7. Ndb5 a6 8.
Be3 Qa5 9. Nd4 e6 10. O-O Be7 11. a4 Nxd4 12. Bxd4 Bd7 13. f4 Rc8 14. Bb3 O-O
15. e5 Ne8 16. Ne4 d5 17. Ng5 h6 18. Nf3 Bc5 19. c3 Bxd4+ 20. Nxd4 Qc5 21. Rf3
f6 22. Rg3 fxe5 23. fxe5 Qe7 24. Qh5 Qf7 25. Qe2 Nc7 26. Bc2 Kh8 27. Qd3 Qg8
28. Rh3 Rf5 29. Nxf5 exf5 30. Qd4 Be6 31. Rf3 g6 32. Re1 Ne8 33. Rh3 Kh7 34.
Qb6 Qf7 35. Bb3 Rc6 36. Qd4 Nc7 37. Rf1 b5 38. Qh4 Qg7 39. Qf6 Ne8 40. Qxg7+
Kxg7 41. axb5 axb5 42. Rd3 Nc7 43. Ra1 g5 44. g3 Kg6 45. Kf2 h5 46. Rd4 g4 47.
Ra5 Kg5 48. Ke3 Bf7 49. Ra7 Be6 50. Rb7 Bc8 51. Rb8 Be6 52. Rd8 b4 53. Rd6 Rc5
54. Rxb4 Bf7 55. Rb7 1-0

[Event "Litomysl"]
[Site "?"]
[Date "2018.01.29"]
[Round "2.3"]
[White "Petr, Jakub"]
[Black "Szotkowski, David"]
[Result "1-0"]
[WhiteElo "2122"]
[BlackElo "1913"]
[PlyCount "61"]
[EventDate "2018.??.??"]

1. d4 Nf6 2. Nf3 c5 3. d5 g6 4. Nc3 Bg7 5. e4 d6 6. Bb5+ Nbd7 7. a4 O-O 8. O-O
a6 9. Be2 b6 10. h3 Bb7 11. Bf4 Rc8 12. Bc4 b5 13. axb5 axb5 14. Bxb5 Qb6 15.
Qc1 Ra8 16. Qe3 e6 17. Bh6 exd5 18. Bxg7 Kxg7 19. exd5 Bxd5 20. Bxd7 Bxf3 21.
Qxf3 Rxa1 22. Rxa1 Nxd7 23. b3 Nf6 24. g4 h6 25. h4 Qb4 26. Ra4 Qb8 27. g5 hxg5
28. hxg5 Nd7 29. Qh3 Ne5 30. Qh6+ Kg8 31. Nd5 1-0

[Event "Litomysl"]
[Site "?"]
[Date "2018.01.29"]
[Round "2.4"]
[White "Sprenar, Petr"]
[Black "Mladek, Richard"]
[Result "0-1"]
[WhiteElo "2106"]
[BlackElo "2091"]
[PlyCount "68"]
[EventDate "2018.??.??"]

1. d4 Nf6 2. Nf3 g6 3. g3 Bg7 4. Bg2 O-O 5. O-O d6 6. c4 c5 7. d5 Na6 8. Nc3
Nc7 9. e4 a6 10. a4 Rb8 11. a5 b5 12. axb6 Rxb6 13. Qc2 e6 14. e5 dxe5 15. Be3
Nd7 16. Na4 Rd6 17. Nd2 exd5 18. cxd5 Nxd5 19. Ne4 Nxe3 20. fxe3 Re6 21. Rfd1
Qc7 22. Rac1 Bh6 23. Qd3 Qa5 24. Rc4 Nb6 25. Nxb6 Qxb6 26. Bh3 Rc6 27. Bxc8
Rcxc8 28. Nc3 e4 29. Nxe4 Rfd8 30. Qc2 Bxe3+ 31. Kh1 Qe6 32. Rxd8+ Rxd8 33.
Nxc5 Bxc5 34. Rxc5 Qe1+ 0-1

[Event "Litomysl"]
[Site "?"]
[Date "2018.01.29"]
[Round "2.5"]
[White "Polansky, Adam Lubos"]
[Black "Nehyba, Martin"]
[Result "0-1"]
[WhiteElo "1864"]
[BlackElo "2003"]
[PlyCount "48"]
[EventDate "2018.??.??"]

1. d4 f5 2. Nc3 Nf6 3. Bg5 e6 4. e4 fxe4 5. Bxf6 Qxf6 6. Nxe4 Qe7 7. Bd3 g6 8.
Qf3 Bg7 9. h4 d5 10. Ng5 Bxd4 11. c3 Rf8 12. Qe2 Bxf2+ 13. Kd1 Bxg1 14. Rxg1 e5
15. Kc2 e4 16. Bb5+ c6 17. Ba4 h6 18. Nh3 Bxh3 19. gxh3 Nd7 20. Rxg6 Ne5 21.
Rxh6 O-O-O 22. Qe3 Kb8 23. Qg5 Rf2+ 24. Kb3 Qc7 0-1

[Event "Litomysl"]
[Site "?"]
[Date "2018.01.29"]
[Round "2.6"]
[White "Skalsky, Alexandr"]
[Black "Sykora, Marek"]
[Result "0-1"]
[WhiteElo "2029"]
[BlackElo "1847"]
[PlyCount "104"]
[EventDate "2018.??.??"]

1. e4 e5 2. Nf3 Nc6 3. d4 exd4 4. Nxd4 Bc5 5. Nb3 Bb6 6. Qe2 d6 7. Nc3 Nge7 8.
Be3 Be6 9. O-O-O O-O 10. f4 f6 11. Bxb6 axb6 12. g4 Qc8 13. Rg1 Kh8 14. f5 Bxb3
15. cxb3 Ne5 16. g5 Ng8 17. Qe3 Qd7 18. Bc4 Nxc4 19. bxc4 Qe7 20. Nd5 Qe5 21.
Qg3 Qxg3 22. Rxg3 Rxa2 23. Nxc7 Ra1+ 24. Kc2 Rxd1 25. Kxd1 fxg5 26. Ne6 Re8 27.
Nxg5 Nf6 28. Nf7+ Kg8 29. Nxd6 Rd8 30. e5 Ne4 31. Rd3 Nf2+ 32. Ke2 Nxd3 33.
Kxd3 Kf8 34. Ke4 Ke7 35. b4 Ra8 36. Nxb7 Ra4 37. Kd5 Rxb4 38. Nd6 Rb2 39. Kc6
Re2 40. e6 g6 41. Nc8+ Ke8 42. Nd6+ Ke7 43. Nc8+ Kd8 44. Nxb6 gxf5 45. Kd6 f4
46. c5 f3 47. Nd5 Rd2 48. c6 Rxd5+ 49. Kxd5 f2 50. Kd6 f1=Q 51. c7+ Kc8 52. e7
Qf6+ 0-1

[Event "Litomysl"]
[Site "?"]
[Date "2018.01.29"]
[Round "2.7"]
[White "Kures, Michael"]
[Black "Broz, Petr"]
[Result "1/2-1/2"]
[WhiteElo "1986"]
[BlackElo "1754"]
[PlyCount "117"]
[EventDate "2018.??.??"]

1. d4 e6 2. c4 Nf6 3. Nf3 b6 4. g3 Bb7 5. Bg2 c5 6. Bg5 cxd4 7. O-O h6 8. Bf4
d6 9. Re1 e5 10. Bc1 Be7 11. e3 dxe3 12. Bxe3 Nbd7 13. Nxe5 Bxg2 14. Nxd7 Qxd7
15. Kxg2 O-O 16. Nd2 d5 17. Kg1 d4 18. Bf4 Bc5 19. Ne4 Nxe4 20. Rxe4 Rfe8 21.
Rxe8+ Rxe8 22. Qd3 Qe6 23. Kf1 Qh3+ 24. Kg1 Qh5 25. Rd1 Qe2 26. Qxe2 Rxe2 27.
Rd2 Re1+ 28. Kg2 g5 29. Bb8 Re8 30. Bc7 f6 31. g4 Re4 32. Kf3 Re1 33. a3 a5 34.
b4 axb4 35. axb4 Bxb4 36. Rxd4 Bc5 37. Re4 Rxe4 38. Kxe4 Bxf2 39. Kd5 Kf7 40.
Kc6 Bg1 41. h3 Ke6 42. Bxb6 Bh2 43. Kb7 f5 44. gxf5+ Kxf5 45. c5 Be5 46. c6 Ke6
47. Bc7 Bc3 48. Kb6 Kd5 49. Bb8 Ba5+ 50. Kxa5 Kxc6 51. Kb4 Kd5 52. Kc3 Ke4 53.
Bg3 Kf3 54. Be1 Kg2 55. h4 g4 56. Kd2 Kf3 57. Kd1 h5 58. Kd2 g3 59. Bxg3
1/2-1/2

[Event "Litomysl"]
[Site "?"]
[Date "2018.01.29"]
[Round "2.8"]
[White "Vojta, Jakub"]
[Black "Nguyen, Thai Dai Vinh"]
[Result "1-0"]
[WhiteElo "2087"]
[BlackElo "1869"]
[PlyCount "59"]
[EventDate "2018.??.??"]

1. e4 c5 2. Nf3 d6 3. d4 cxd4 4. Nxd4 Nf6 5. f3 Nc6 6. Be3 e5 7. Nb3 d5 8. Bd3
dxe4 9. fxe4 Ng4 10. Qe2 Nxe3 11. Qxe3 Be7 12. O-O Be6 13. N1d2 O-O 14. Bc4 Bg5
15. Qe2 Nd4 16. Qd3 Nxc2 17. Qxc2 Rc8 18. Rfd1 Bxd2 19. Nxd2 Qd4+ 20. Kh1 Bxc4
21. Nf3 Qe3 22. Re1 Qf4 23. Qa4 a6 24. Rad1 Bb5 25. Qa5 Rfe8 26. Qb6 Bc6 27.
Qb4 f5 28. Nd2 fxe4 29. Nxe4 Qg4 30. Nf6+ 1-0

[Event "Litomysl"]
[Site "?"]
[Date "2018.01.29"]
[Round "2.9"]
[White "Jun, Rudolf"]
[Black "Stastny, Jakub"]
[Result "1-0"]
[WhiteElo "1947"]
[BlackElo "1752"]
[PlyCount "83"]
[EventDate "2018.??.??"]

1. e4 c5 2. c4 Nc6 3. Nf3 g6 4. d4 cxd4 5. Nxd4 Bg7 6. Be3 Nf6 7. Nc3 O-O 8. f3
Qb6 9. Ncb5 a6 10. Nc2 Qa5+ 11. Nc3 d6 12. Be2 Bd7 13. O-O Rac8 14. Qd2 Rfe8
15. Rac1 Ne5 16. b4 Qc7 17. Na3 b6 18. Rfd1 Qb7 19. Bf1 Rc7 20. Qf2 Rb8 21. Nd5
Nxd5 22. exd5 a5 23. bxa5 bxa5 24. Rb1 Qc8 25. Bb6 Rcb7 26. c5 dxc5 27. Ba6 Bf5
28. Rb3 a4 29. Re3 Nd7 30. Ba7 Ra8 31. Nb5 Bd4 32. Rc1 Bd3 33. Bxb7 Qxb7 34.
Nxd4 Qxa7 35. Rxd3 cxd4 36. Qxd4 Qa5 37. Rdc3 Nf6 38. Rc5 Qa6 39. g4 Rb8 40. g5
Nd7 41. Rc6 Qb7 42. Rc7 1-0

[Event "Litomysl"]
[Site "?"]
[Date "2018.01.29"]
[Round "2.10"]
[White "Hofman, Krystof"]
[Black "Gnojek, Petr"]
[Result "0-1"]
[WhiteElo "1765"]
[BlackElo "2018"]
[PlyCount "73"]
[EventDate "2018.??.??"]

1. d4 f5 2. g3 Nf6 3. Bg2 g6 4. Nh3 Bg7 5. O-O d6 6. d5 O-O 7. c4 Na6 8. Nc3
Nc5 9. Be3 Nfe4 10. Nxe4 Nxe4 11. Bd4 c5 12. Bxg7 Kxg7 13. Qc2 Nf6 14. Nf4 Rb8
15. Rfe1 g5 16. Nh3 h6 17. f4 g4 18. Nf2 b5 19. b3 Qe8 20. Rac1 Qg6 21. e4 fxe4
22. Nxe4 Bf5 23. Qc3 Kf7 24. Nxf6 Qxf6 25. Be4 Qxc3 26. Rxc3 Bd7 27. Bd3 bxc4
28. Bxc4 Kf6 29. Rce3 Rf7 30. Kf2 a5 31. a4 Rh8 32. Kg2 h5 33. Bd3 h4 34. f5
Rh5 35. Rf1 hxg3 36. Re6+ Kg7 37. Re2 0-1

[Event "Litomysl"]
[Site "?"]
[Date "2018.01.29"]
[Round "2.11"]
[White "Rokos, Filip"]
[Black "Keprt, Tomas"]
[Result "1/2-1/2"]
[WhiteElo "1843"]
[BlackElo "1900"]
[PlyCount "55"]
[EventDate "2018.??.??"]

1. e4 c5 2. Nf3 Nc6 3. d4 cxd4 4. Nxd4 Nf6 5. Nc3 g6 6. Be3 Bg7 7. Nb3 d6 8.
Be2 Bd7 9. O-O O-O 10. f4 a6 11. a4 Rc8 12. Bf3 Be6 13. Kh1 Qd7 14. Nd5 Bxd5
15. exd5 Nb8 16. c3 Rc4 17. Nd2 Rcc8 18. Bd4 Qf5 19. Qe2 Rfe8 20. Ne4 Qd7 21.
Nxf6+ exf6 22. Qd2 Qc7 23. Rae1 Nd7 24. Rxe8+ Rxe8 25. Re1 Qd8 26. Rxe8+ Qxe8
27. Qe3 Qd8 28. b3 1/2-1/2

[Event "Litomysl"]
[Site "?"]
[Date "2018.01.29"]
[Round "2.12"]
[White "Kusa, Jakub"]
[Black "Flajsman, Petr"]
[Result "1-0"]
[WhiteElo "1825"]
[BlackElo "1667"]
[PlyCount "45"]
[EventDate "2018.??.??"]

1. e4 h6 2. d4 Nf6 3. Nc3 a5 4. Nf3 e6 5. Bd3 b6 6. Bf4 Bb7 7. O-O Na6 8. a3 c5
9. Re1 cxd4 10. Nxd4 Bc5 11. Ndb5 O-O 12. e5 Nd5 13. Nxd5 Bxd5 14. Nc3 Bb7 15.
Ne4 Nc7 16. Bxh6 Qh4 17. Bg5 Qh8 18. Nf6+ gxf6 19. Bxf6 Qxf6 20. exf6 Rfd8 21.
Qg4+ Kf8 22. Qg7+ Ke8 23. Bg6 1-0

[Event "Litomysl"]
[Site "?"]
[Date "2018.01.29"]
[Round "2.13"]
[White "Hak, David"]
[Black "Jares, Michal"]
[Result "0-1"]
[WhiteElo "1889"]
[BlackElo "1802"]
[PlyCount "90"]
[EventDate "2018.??.??"]

1. e4 c5 2. Nf3 d6 3. d4 cxd4 4. Nxd4 Nf6 5. Nc3 g6 6. Be3 Bg7 7. Be2 O-O 8.
O-O Nc6 9. f4 Bd7 10. h3 Rc8 11. Qd2 Na5 12. Kh1 Nc4 13. Bxc4 Rxc4 14. Rad1 Qc8
15. Rf3 Rxc3 16. Qxc3 Qxc3 17. bxc3 Nxe4 18. Ne2 Rc8 19. Bd4 Bb5 20. Ng3 Nxc3
21. Rxc3 Rxc3 22. Bxc3 Bxc3 23. Rb1 Bc6 24. Kg1 Kf8 25. Ne2 Bg7 26. Kf2 e5 27.
g3 Ke7 28. Ke3 b6 29. Kd3 f5 30. fxe5 dxe5 31. Re1 Kd6 32. g4 e4+ 33. Ke3 Bh6+
34. Kd4 Bg7+ 35. Ke3 Ke5 36. g5 Bf8 37. Kf2 Bc5+ 38. Kg3 Be3 39. h4 f4+ 40. Kh2
f3 41. Ng3 Bf4 42. h5 gxh5 43. Kh3 e3 44. Nxh5 f2 45. Nxf4 Kxf4 0-1

[Event "Litomysl"]
[Site "?"]
[Date "2018.01.29"]
[Round "2.14"]
[White "Kolar, Jan"]
[Black "Babula, Vlastimil"]
[Result "0-1"]
[WhiteElo "1694"]
[BlackElo "1836"]
[PlyCount "60"]
[EventDate "2018.??.??"]

1. e4 c5 2. Nf3 d6 3. d4 cxd4 4. Nxd4 Nf6 5. Nc3 a6 6. Bg5 e6 7. f4 Be7 8. Qf3
O-O 9. O-O-O Qc7 10. g4 b5 11. Bxf6 Bxf6 12. g5 Bxd4 13. Rxd4 Nc6 14. Rd2 b4
15. Nd1 Bb7 16. h4 Rac8 17. Rhh2 Na5 18. Kb1 d5 19. exd5 Bxd5 20. Rxd5 exd5 21.
h5 Nc4 22. Bd3 Rfe8 23. g6 Re1 24. gxh7+ Kh8 25. Kc1 Ne3 26. Rd2 b3 27. axb3
Qa5 28. c3 Qa1+ 29. Bb1 Rxc3+ 30. bxc3 Qa3+ 0-1

[Event "Litomysl"]
[Site "?"]
[Date "2018.01.29"]
[Round "2.15"]
[White "Nemcova, Karin"]
[Black "Gregurkova, Nikola"]
[Result "1-0"]
[WhiteElo "2068"]
[BlackElo "1625"]
[PlyCount "45"]
[EventDate "2018.??.??"]

1. e4 e5 2. Nf3 Nc6 3. d4 exd4 4. Nxd4 Nf6 5. Nxc6 bxc6 6. e5 Qe7 7. Qe2 Nd5 8.
c4 Ba6 9. b3 g6 10. f4 Bg7 11. Qf2 Nb6 12. Ba3 Qe6 13. Nd2 d6 14. O-O-O O-O 15.
Ne4 Rfd8 16. Be2 Bb7 17. Bf3 Nc8 18. Nc5 dxc5 19. Rxd8+ Bf8 20. Qxc5 Qe7 21.
Qxe7 Nxe7 22. Bxe7 Rxd8 23. Bxd8 1-0

[Event "Litomysl"]
[Site "?"]
[Date "2018.01.29"]
[Round "2.16"]
[White "Pejrimovska, Viola Ruby"]
[Black "Richterova, Julie"]
[Result "0-1"]
[WhiteElo "1504"]
[BlackElo "1908"]
[PlyCount "56"]
[EventDate "2018.??.??"]

1. e4 Nf6 2. Nc3 e5 3. d4 exd4 4. Qxd4 Nc6 5. Qe3 Bb4 6. Bd2 O-O 7. O-O-O Re8
8. Bc4 d6 9. Qg3 Ne5 10. Bb3 Bxc3 11. Bxc3 Nxe4 12. Qe3 Nxc3 13. Qxc3 Qg5+ 14.
Kb1 Qxg2 15. Ne2 Qf3 16. Qd2 Qf6 17. Rhg1 Nf3 18. Qd3 Nxg1 19. Nxg1 Qxf2 20.
Qc3 Bg4 21. Rc1 Re7 22. Bd5 c6 23. Bc4 Rae8 24. a3 d5 25. Bd3 Re1 26. h3 Rxc1+
27. Kxc1 Re1+ 28. Qxe1 Qxe1# 0-1

[Event "Litomysl"]
[Site "?"]
[Date "2018.01.29"]
[Round "2.17"]
[White "Semova, Lada"]
[Black "Vilimova, Julie"]
[Result "0-1"]
[WhiteElo "1357"]
[BlackElo "1708"]
[PlyCount "118"]
[EventDate "2018.??.??"]

1. e4 d6 2. Nf3 g6 3. Nc3 Bg7 4. Bc4 Nf6 5. d3 c6 6. Be3 Nbd7 7. O-O b5 8. Bb3
a5 9. a4 b4 10. Ne2 Ng4 11. c3 bxc3 12. bxc3 Nxe3 13. fxe3 O-O 14. d4 Ba6 15.
c4 c5 16. Rf2 Bb7 17. Bc2 Nf6 18. e5 Ng4 19. dxc5 Nxf2 20. Kxf2 dxc5 21. Rb1
Qxd1 22. Bxd1 Bxf3 23. Kxf3 Rab8 24. Rb5 Rxb5 25. cxb5 Rd8 26. Bb3 Bxe5 27. Nf4
Bxf4 28. Kxf4 Rc8 29. Bc4 e6 30. Ke5 Rd8 31. g3 Kf8 32. h3 Ke7 33. g4 f6+ 34.
Ke4 Kd6 35. Kf4 f5 36. gxf5 exf5 37. h4 Re8 38. Bb3 Re4+ 39. Kf3 Rxh4 40. Ke2
Rb4 41. Bd1 h5 42. Kf2 h4 43. Kg2 g5 44. Kh3 Re4 45. Kg2 Rxe3 46. Kf2 Rd3 47.
Ke2 Rxd1 48. Kxd1 h3 49. b6 h2 50. b7 h1=Q+ 51. Kd2 Qxb7 52. Ke3 Qe4+ 53. Kd2
g4 54. Kd1 g3 55. Kd2 g2 56. Kc3 g1=Q 57. Kb3 Qg3+ 58. Kb2 Qe2+ 59. Kc1 Qg1#
0-1

[Event "Litomysl"]
[Site "?"]
[Date "2018.01.29"]
[Round "2.18"]
[White "Gresova, Zuzana"]
[Black "Vsetulova, Viktorie"]
[Result "1-0"]
[WhiteElo "1860"]
[BlackElo "1520"]
[PlyCount "51"]
[EventDate "2018.??.??"]

1. d4 d5 2. c4 e6 3. Nc3 Nf6 4. cxd5 exd5 5. Bg5 Be7 6. e3 O-O 7. Qc2 c5 8.
dxc5 Bxc5 9. Rd1 Be6 10. Nf3 Nc6 11. Be2 Rc8 12. O-O Qd6 13. Bxf6 gxf6 14. Qa4
Kh8 15. Qh4 Rg8 16. Ne4 Qe7 17. Nxf6 Rg7 18. Bd3 Nb4 19. Bxh7 Qxf6 20. Qxf6
Kxh7 21. Ng5+ Kh8 22. a3 Nc6 23. Qh6+ Kg8 24. Nxe6 fxe6 25. Qxe6+ Kh8 26. Qxc8+
1-0

[Event "Litomysl"]
[Site "?"]
[Date "2018.01.29"]
[Round "2.19"]
[White "Trasakova, Adela"]
[Black "Lorencova, Michaela"]
[Result "1/2-1/2"]
[WhiteElo "1462"]
[BlackElo "1439"]
[PlyCount "74"]
[EventDate "2018.??.??"]

1. d4 d6 2. Nf3 Bg4 3. Bf4 Bxf3 4. exf3 g6 5. c3 Nd7 6. Bd3 Bg7 7. O-O Ngf6 8.
Re1 O-O 9. Nd2 Re8 10. Ne4 e5 11. Nxf6+ Qxf6 12. Be3 Qd8 13. dxe5 Nxe5 14. Be4
c6 15. Bd4 d5 16. Bc2 Qd6 17. b3 b6 18. Qd2 Rad8 19. Re2 c5 20. Be3 Nc6 21.
Rae1 Re6 22. Bh6 Rde8 23. Bxg7 Kxg7 24. Re3 d4 25. cxd4 Qxd4 26. Qxd4+ Nxd4 27.
Rxe6 Rxe6 28. Rxe6 Nxe6 29. Kf1 Kf6 30. Ke1 Ke5 31. Kd2 Kd4 32. Bd3 Nf4 33. Bf1
f6 34. g3 Nd5 35. Bc4 h6 36. h3 g5 37. a4 Nb4 1/2-1/2

[Event "Litomysl"]
[Site "?"]
[Date "2018.01.29"]
[Round "2.20"]
[White "Voriskova, Anna"]
[Black "Huskova, Agata"]
[Result "1/2-1/2"]
[WhiteElo "1446"]
[BlackElo "1408"]
[PlyCount "103"]
[EventDate "2018.??.??"]

1. e4 e5 2. Nf3 Nf6 3. Nc3 Bb4 4. Bc4 Nc6 5. d3 d6 6. Bg5 Be6 7. Bb3 Nd4 8. O-O
Nxb3 9. axb3 O-O 10. d4 exd4 11. Nxd4 h6 12. Bh4 Qe7 13. f4 Bxc3 14. bxc3 Qe8
15. Bxf6 gxf6 16. Qd2 Kh7 17. Rf3 Rg8 18. Re1 Bd7 19. Qd3 Kh8 20. f5 Qf8 21.
Ree3 Rg5 22. Rh3 Qg7 23. Reg3 Rg8 24. Qe3 Kh7 25. Ne2 Rxg3 26. Rxg3 Qf8 27. Rh3
Qg7 28. Rg3 Qf8 29. Qd4 Rxg3 30. Nxg3 Qg7 31. Nh5 c5 32. Qxd6 Qg5 33. Nxf6+ Kg7
34. h3 Qxf6 35. Qxd7 Qxc3 36. Qxb7 Qxc2 37. Qxa7 Qxb3 38. Qxc5 Qb1+ 39. Kh2
Qxe4 40. Qc3+ Kf8 41. f6 Qf4+ 42. Kg1 Qe4 43. Qg3 Qd4+ 44. Qf2 Qxf2+ 45. Kxf2
Kg8 46. Kg3 Kh7 47. Kf4 Kg6 48. h4 Kxf6 49. g3 h5 50. Ke4 Ke6 51. Kf4 Kf6 52.
Ke4 1/2-1/2

[Event "Litomysl"]
[Site "?"]
[Date "2018.01.29"]
[Round "2.21"]
[White "Beranova, Karin"]
[Black "Maresova, Michaela"]
[Result "0-1"]
[WhiteElo "1410"]
[BlackElo "1186"]
[PlyCount "152"]
[EventDate "2018.??.??"]

1. e4 d5 2. exd5 Qxd5 3. Nc3 Qa5 4. d4 c6 5. Bc4 Bf5 6. Nf3 Nd7 7. Bf4 Ngf6 8.
Ne5 Nxe5 9. dxe5 Ne4 10. Qf3 Nxc3 11. bxc3 Bxc2 12. O-O e6 13. Rac1 Bg6 14.
Rfd1 Ba3 15. Qg4 Bxc1 16. Bxc1 Qxe5 17. Bf4 Qf5 18. Qg3 O-O 19. h3 Qc2 20. Re1
Rfd8 21. Qf3 Rd7 22. Bb3 Qd3 23. Qg4 Qxc3 24. Rf1 Rad8 25. Bg5 Re8 26. h4 h6
27. Be3 a6 28. h5 Bf5 29. Qg3 Qf6 30. Qh2 Kh8 31. Bf4 Rd3 32. Be5 Qg5 33. Bf4
Qe7 34. Be5 Qc5 35. Qf4 Kh7 36. Rc1 Qa5 37. Bc2 Qd2 38. Qxd2 Rxd2 39. Bxf5+
exf5 40. Bf4 Rxa2 41. Rb1 Ree2 42. Be3 Reb2 43. Rd1 g6 44. Rd7 gxh5 45. Rxf7+
Kg6 46. Rf8 Ra4 47. g3 h4 48. gxh4 Rxh4 49. Rh8 f4 50. Bd4 Rd2 51. Rg8+ Kf5 52.
Rf8+ Ke4 53. Bf6 Rh5 54. Kg2 Rf5 55. Re8+ Kd3 56. Be7 Re2 57. Rd8+ Rd5 58. Rb8
Rxe7 59. Rh8 Rg7+ 60. Kf1 f3 61. Re8 Kc2 62. Re1 a5 63. Ra1 a4 64. Re1 a3 65.
Ra1 a2 66. Rxa2+ Kb1 67. Re2 Rd1+ 68. Re1 Rxe1+ 69. Kxe1 h5 70. Kf1 h4 71. Ke1
h3 72. Kd2 h2 73. Kd3 h1=Q 74. Kc4 Qc1+ 75. Kb4 Rg4+ 76. Ka5 Qc5# 0-1

[Event "Litomysl"]
[Site "?"]
[Date "2018.01.29"]
[Round "2.22"]
[White "Brozka, Karel"]
[Black "Simek, Viktor"]
[Result "1-0"]
[WhiteElo "1704"]
[BlackElo "1528"]
[PlyCount "119"]
[EventDate "2018.??.??"]

1. d4 d5 2. Nf3 Nf6 3. c4 e6 4. Nc3 Be7 5. Bg5 h6 6. Bh4 O-O 7. e3 b6 8. Bd3
Bb7 9. cxd5 exd5 10. O-O Nbd7 11. Rc1 Ne4 12. Bxe7 Qxe7 13. Qb3 Ndf6 14. Bxe4
dxe4 15. Nd2 Rfd8 16. Nb5 c5 17. Rfd1 Bd5 18. Qa3 Rdc8 19. dxc5 bxc5 20. Nb3
Bxb3 21. Qxb3 a6 22. Nd6 Rd8 23. Nf5 Qe5 24. Ng3 Rxd1+ 25. Rxd1 Rb8 26. Qc4
Qxb2 27. Qxa6 Qc2 28. Qd6 Rc8 29. h3 Qxa2 30. Nf5 Kh7 31. Ne7 Re8 32. Qxc5 Qe6
33. Nf5 Rc8 34. Qb5 Rc6 35. Nd4 Rb6 36. Qa4 Qe5 37. Qa7 Nd5 38. Qxf7 Rf6 39.
Qd7 Rd6 40. Qf5+ Qxf5 41. Nxf5 Rd7 42. Ng3 Nf6 43. Rxd7 Nxd7 44. Nxe4 Kg6 45.
f3 Kf5 46. Kf2 g5 47. Ke2 Ne5 48. g4+ Kg6 49. f4 gxf4 50. exf4 Nd7 51. Kd3 Kg7
52. Kd4 Kg6 53. Kd5 Nb6+ 54. Ke6 Nc4 55. f5+ Kg7 56. Ke7 Ne5 57. f6+ Kg8 58.
Nd6 Ng6+ 59. Ke8 Ne5 60. h4 1-0

[Event "Litomysl"]
[Site "?"]
[Date "2018.01.29"]
[Round "2.23"]
[White "Smolik, Jachym"]
[Black "Simunek, Jakub Simon"]
[Result "1-0"]
[WhiteElo "1605"]
[BlackElo "1513"]
[PlyCount "73"]
[EventDate "2018.??.??"]

1. e4 e5 2. Nf3 Nc6 3. Bc4 Nf6 4. d3 Bc5 5. c3 d6 6. O-O O-O 7. Bb3 Be6 8. Bc2
Bg4 9. Nbd2 d5 10. exd5 Qxd5 11. h3 Bh5 12. Re1 Rad8 13. Ne4 Nxe4 14. Rxe4 Bg6
15. Re1 Bxd3 16. Bb3 Qd6 17. Bg5 Rd7 18. a4 h6 19. Bh4 e4 20. Nd2 Re8 21. Kh1
Qf4 22. Bg3 Qg5 23. Nxe4 Bxe4 24. Qxd7 Re7 25. Qg4 Qf6 26. Rxe4 h5 27. Qc8+ Kh7
28. Rxe7 Qxe7 29. Bc2+ g6 30. Qxc7 Qf6 31. Qf4 Qe6 32. Qe4 Qf6 33. Bh4 Qd6 34.
Rd1 Qc7 35. Qd5 Bb6 36. Qxh5+ Kg7 37. Qf3 1-0